00321nam a2200121Ia 4500008004100000082001100041245003500052250000600087260002900093300000700122630003500129730003500164090124s9999 xx 000 0 und d b205715 a उपकार का ऋण a1 bसंगीताc2001 a56 a उपकार का ऋण a उपकार का ऋण